| 000 | 00555nam a22001697a 4500 | ||
|---|---|---|---|
| 003 | NUST | ||
| 038 | _aNusrat Nadeem | ||
| 082 | _a200 | ||
| 100 |
_aAin Qurat Ul, _9123398 |
||
| 245 |
_aSynthesis and Characterization of Biopolymer/HA Nanocomposites for Biomedical Applications/ _cQurat Ul, Ain |
||
| 264 |
_aIslamabad; _bSCME NUST; _c2019; |
||
| 300 |
_a118,p; _bill; _c30,cm. |
||
| 650 |
_aPhD-Chemical Engineering _9123341 |
||
| 700 |
_aDr. Zakir Hussain _916137 |
||
| 856 | _uhttp://10.250.8.41:8080/xmlui/handle/123456789/13371 | ||
| 942 |
_2ddc _cTHE |
||
| 999 |
_c609598 _d609598 |
||